000 00536nam a2200157Ia 4500
008 090711s9999 xx 000 0 und d
082 _b73727
100 _aसाठवणे पां. आ.
245 _aआरोग्याSाा रखवालदार
300 _a136
600 _aसाठवणे पां. आ.
630 _aआरोग्याSाा रखवालदार
700 _aसाठवणे पां. आ.
730 _aआरोग्याSाा रखवालदार
942 _cBOOK
999 _c310811
_d310811